Europameisterschaft 2024 alle Teilnehmer - Statistiken

Allgemein
  • Dieses Quiz wurde 684 mal gespielt
  • Das Durchschnittsergebnis liegt bei 22 aus 24
Antwortstatistiken
Hint Antwort % Korrekt
19 Deutschland
99%
6 Spanien
99%
17 Frankreich
98%
7 Schweiz
98%
22 Niederlande
97%
24 Portugal
97%
16 England
96%
21 Italien
96%
11 Österreich
96%
2 Schottland
95%
12 Belgien
94%
13 Kroatien
93%
23 Polen
93%
20 Ungarn
93%
15 Dänemark
92%
8 Türkei
92%
10 Albanien
91%
4 Slowakei
91%
5 Slowenien
91%
9 Ukraine
90%
14 Tschechien
89%
1 Rumänien
87%
3 Serbien
85%
18 Georgien
79%
Keine übereinstimmenden Quizze gefunden
Verteilung der Resultate
Anzahl Personen mit jedem Resultat
Perzentil nach korrekt beantworteten Fragen
Ihre Resultats-Entwicklung
Sie haben dieses Quiz noch nicht gespielt